| 000 | 02268nam0a2200325 i 4500 | ||
|---|---|---|---|
| 001 | RU\NLR\BIBL_A\011333755 | ||
| 005 | 20240921221841.0 | ||
| 010 |
_a9785767723416 _9100 |
||
| 021 |
_aRU _b2017-4383 _9305 |
||
| 035 | _a(NLR Aleph) 011333755 | ||
| 090 |
_a11149534 _c11149534 |
||
| 100 | _a20170222d2016 k y0rusy50 ca | ||
| 101 | 0 |
_arus _aeng |
|
| 102 | _aRU | ||
| 105 | _aa|||z||||01yy | ||
| 200 | 1 |
_aАктуальные вопросы химической технологии и защиты окружающей среды _eсборник материалов VI Всероссийской конференции с международным участием, г. Чебоксары, 24-25 ноября 2016 г. _f[редкол.: К. В. Липин (отв. ред.) и др.] |
|
| 210 |
_aЧебоксары _cИзд-во Чувашского университета _d2016 |
||
| 215 |
_a204 с. _cил. _d21 |
||
| 300 | _aВ надзаг.: М-во образования и науки Рос. Федерации, Федер. гос. бюджет. образоват. учреждение высш. образования "Чуваш. гос. ун-т им. И. Н. Ульянова" , ОАО "Химпром", Чуваш. регион. отд-ние Рос. хим. о-ва им. Д. И. Менделеева, Хим.-фармац. фак. | ||
| 300 | _aЧасть текста на англ. яз. | ||
| 320 | _aБиблиогр. в конце докл. | ||
| 606 | 1 |
_aОкружающая среда _jСъезды, совещания и т.п. _xЗагрязнение отходами химических производств _91783277 _3RU\NLR\auth\66801799 |
|
| 686 | _aЛ100.9я431(2) | ||
| 702 | 1 |
_aЛипин _bК. В. _gКонстантин Владимирович _4340 |
|
| 711 | 1 | 2 |
_a"Актуальные вопросы химической технологии и защиты окружающей среды", всероссийская конференция с международным участием _d6 _eЧебоксары _f2016 _9551043 _3RU\NLR\AUTH\880443528 |
| 942 | _cBOOK | ||
| 980 | _aNBR | ||